McMinn's color atlas of human anatomy. (Record no. 2211)
[ view plain ]
| 000 -LEADER | |
|---|---|
| fixed length control field | 01168cam a22002774a 4500 |
| 001 - CONTROL NUMBER | |
| control field | 12891921 |
| 005 - DATE AND TIME OF LATEST TRANSACTION | |
| control field | 20241214122233.0 |
| 008 - FIXED-LENGTH DATA ELEMENTS--GENERAL INFORMATION | |
| fixed length control field | 020812s2003 stka 001 0 eng |
| 020 ## - INTERNATIONAL STANDARD BOOK NUMBER | |
| International Standard Book Number | 0723432120 (main ed.) |
| 020 ## - INTERNATIONAL STANDARD BOOK NUMBER | |
| International Standard Book Number | 9780723432135 |
| 050 00 - LIBRARY OF CONGRESS CALL NUMBER | |
| Classification number | QM25 |
| Item number | .M23 2003 |
| 082 00 - DEWEY DECIMAL CLASSIFICATION NUMBER | |
| Classification number | 611 |
| Edition information | 21 |
| 100 1# - MAIN ENTRY--PERSONAL NAME | |
| Personal name | Abrahams, Peter H. |
| 245 10 - TITLE STATEMENT | |
| Title | McMinn's color atlas of human anatomy. |
| Statement of responsibility, etc. | Peter H. Abrahams, Sandy C. Marks Jr., Ralph Hutchings ; new dissections prepared by Lynette Nearn Hardwick ; radiological adviser, J. Spratt. |
| 250 ## - EDITION STATEMENT | |
| Edition statement | 5th ed. / |
| Remainder of edition statement | Peter H. Abrahams, Sandy C. Marks Jr., Ralph Hutchings ; new dissections prepared by Lynette Nearn Hardwick ; radiological adviser, J. Spratt. |
| 260 ## - PUBLICATION, DISTRIBUTION, ETC. | |
| Place of publication, distribution, etc. | Edinburgh ; |
| -- | New York : |
| Name of publisher, distributor, etc. | Mosby, |
| Date of publication, distribution, etc. | 2003. |
| 300 ## - PHYSICAL DESCRIPTION | |
| Extent | 378 p. : |
| Other physical details | ill. (chiefly col.) ; |
| Dimensions | 28 cm. + |
| Accompanying material | 1 CD-ROM (4 3/4 in.) |
| 500 ## - GENERAL NOTE | |
| General note | Includes index. |
| 650 #0 - SUBJECT ADDED ENTRY--TOPICAL TERM | |
| Topical term or geographic name entry element | Human anatomy |
| Form subdivision | Atlases. |
| 650 12 - SUBJECT ADDED ENTRY--TOPICAL TERM | |
| Topical term or geographic name entry element | Anatomy |
| Form subdivision | Atlases. |
| 700 1# - ADDED ENTRY--PERSONAL NAME | |
| Personal name | McMinn, R. M. H. |
| Fuller form of name | (Robert Matthew Hay) |
| 700 1# - ADDED ENTRY--PERSONAL NAME | |
| Personal name | Marks, S. C. |
| 700 1# - ADDED ENTRY--PERSONAL NAME | |
| Personal name | Hutchings, R. T. |
| 856 42 - ELECTRONIC LOCATION AND ACCESS | |
| Materials specified | Book review (E-STREAMS) |
| Uniform Resource Identifier | <a href="http://www.e-streams.com/es0612/es0612_2891.html">http://www.e-streams.com/es0612/es0612_2891.html</a> |
| 942 ## - ADDED ENTRY ELEMENTS (KOHA) | |
| Source of classification or shelving scheme | Library of Congress Classification |
| Koha item type | Books |
| Edition | 5th ed. |
| Suppress in OPAC | No |
| 999 ## - | |
| -- | 2211 |
| -- | 2211 |
| Withdrawn status | Lost status | Source of classification or shelving scheme | Damaged status | Not for loan | Collection | Home library | Current library | Shelving location | Date acquired | Total checkouts | Full call number | Barcode | Date last seen | Copy number | Price effective from | Koha item type |
|---|---|---|---|---|---|---|---|---|---|---|---|---|---|---|---|---|
| Library of Congress Classification | Non-fiction | Science Library (Miotso) | Science Library (Miotso) | General stacks | 12/14/2024 | QM23.2 .S25 ABR | SLM00001406 | 12/14/2024 | 1 | 12/14/2024 | Books | |||||
| Library of Congress Classification | Non-fiction | Science Library (Miotso) | Science Library (Miotso) | General stacks | 12/14/2024 | QM23.2 .S25 ABR | SLM00001407 | 12/14/2024 | 2 | 12/14/2024 | Books | |||||
| Library of Congress Classification | Non-fiction | Science Library (Miotso) | Science Library (Miotso) | General stacks | 12/14/2024 | QM23.2 .S25 ABR | SLM00001408 | 12/14/2024 | 3 | 12/14/2024 | Books | |||||
| Library of Congress Classification | Non-fiction | Science Library (Miotso) | Science Library (Miotso) | General stacks | 12/14/2024 | QM23.2 .S25 ABR | SLM00001409 | 12/14/2024 | 4 | 12/14/2024 | Books | |||||
| Library of Congress Classification | Non-fiction | Science Library (Miotso) | Science Library (Miotso) | General stacks | 12/14/2024 | QM23.2 .S25 ABR | SLM00001410 | 12/14/2024 | 5 | 12/14/2024 | Books |